Statistics for Countries, US States, Capitals, Elements, 100 Most Common Words: alphabetical order starting at letter 1-2-3-4

Click here to take the quiz!

General Stats

  • This quiz has been taken 582 times
  • The average score is 36 of 100

Answer Stats

ANSWER% Correct
A
97%
An
84%
And
79%
Alabama
74%
{Al}ab{ama}
74%
Afghanistan
71%
Albania
71%
Accra
70%
Algeria
69%
Alaska
65%
Andorra
65%
{San}a'a
65%
Addis Ababa
64%
Abuja
62%
Amman
59%
All
57%
Abu Dhabi
56%
Algiers
55%
{Ch}ad{}
55%
Aluminium
54%
Amsterdam
53%
Andorra la Vella
52%
Albany
51%
{B}ah{amas}
51%
About
50%
{B}ah{rain}
50%
{G}ab{on}
47%
{B}ag{hdad}
46%
{Ut}ah{}
46%
{Ir}an{}
45%
{Suv}a
45%
{Ul}aa{nbaatar}
45%
{Cub}a
44%
{K}ab{ul}
43%
{R}ab{at}
43%
Also
42%
After
41%
{Api}a
41%
{M}ad{rid}
41%
Actinium
40%
Americium
40%
{C}ad{mium}
39%
{Dh}ak{a}
39%
{Jub}a
39%
{Om}an{}
39%
{Can}ad{a}
38%
{M}ai{ne}
37%
{Doh}a
35%
{Lim}a
34%
{R}ad{on}
34%
{B}ac{k}
33%
{M}ad{agascar}
33%
{Mad}ag{ascar}
33%
{Iow}a
32%
{Gh}an{a}
31%
{M}ac{edonia}
31%
{Rig}a
31%
{G}ad{olinium}
30%
{Pr}ag{ue}
30%
{Fr}an{ce}
29%
{G}ab{orone}
29%
{R}ad{ium}
29%
{Id}ah{o}
28%
{Ug}an{da}
28%
{M}ag{nesium}
27%
{Le}ad{}
26%
{H}af{nium}
25%
{Isr}ae{l}
25%
{S}ac{ramento}
25%
{Mal}ab{o}
24%
{Pr}ai{a}
24%
{Sp}ai{n}
24%
{J}ac{kson}
22%
{Z}ag{reb}
22%
{Car}ac{as}
21%
{Th}ai{land}
21%
{It}al{y}
20%
{Man}ag{ua}
20%
{M}ad{ison}
19%
{Mon}ac{o}
18%
{S}ai{nt John's}
18%
{Riy}ad{h}
17%
{S}ai{nt George's}
16%
{Th}an{}
16%
{V}ad{uz}
16%
{Nev}ad{a}
14%
{Th}al{lium}
14%
{Fr}an{cium}
13%
{Van}ad{ium}
13%
{Mb}ab{ane}
12%
{Okl}ah{oma}
10%
{Par}ag{uay}
9%
{Ecu}ad{or}
8%
{Fun}af{uti}
8%
{Se}ab{orgium}
7%
{Ku}al{a Lumpur}
5%
{Ni}am{ey}
5%
{Ou}ag{adougou}
5%
{Mog}ad{ishu}
2%

Score Distribution

Percentile by Number Answered

Percent of People with Each Score

Your Score History

You have not taken this quiz